[Event "Budapest FS12 IM"]
[Site "Budapest"]
[Date "1994.??.??"]
[Round "8"]
[White "Boros, Daniel"]
[Black "Sziebert, Adam"]
[Result "0-1"]
[WhiteElo "2260"]
[BlackElo "2310"]

1.e4 c5 2.Nf3 d6 3.d4 cxd4 4.Nxd4 Nf6 5.Nc3 Nc6 6.Bg5 e6 7.Qd2 a6 8.Be2 h6
9.Be3 Qc7 10.a4 Be7 11.O-O Bd7 12.f4 Nxd4 13.Bxd4 Bc6 14.Bf3 O-O 15.Kh1 b5
16.axb5 axb5 17.Rxa8 Rxa8 18.e5 Nd7 19.Qe2 dxe5 20.fxe5 b4 21.Bxc6 Qxc6 22.Nd1 Qd5
23.c3 bxc3 24.Bxc3 Bc5 25.Nf2 Ra4 26.Nd3 Bd4 27.Qd1 Rc4 28.Nb4 Qc5 29.Nd3 Qc6
30.Qh5 g6 31.Qxh6 Bxc3 32.bxc3 Rxc3 33.Nb4 Qc4 34.Ra1 Ra3 35.Rc1 Qxb4  0-1

[Event "Budapest FS06 IM-A"]
[Site "Budapest"]
[Date "1994.??.??"]
[Round "9"]
[White "Payen, Arnaud"]
[Black "Sziebert, Adam"]
[Result "1/2-1/2"]
[WhiteElo "2300"]
[BlackElo "2260"]

1.e4 c5 2.Nf3 d6 3.d4 cxd4 4.Nxd4 Nf6 5.Nc3 Nc6 6.Bg5 e6 7.Qd2 a6 8.O-O-O h6
9.Bf4 Bd7 10.Bg3 Rc8 11.Be2 b5 12.Nxc6 Bxc6 13.Qe3 Qa5 14.a3 b4 15.axb4 Qxb4
16.Nd5 Qxe4 17.Nxf6+ gxf6 18.Bxa6 Qxe3+ 19.fxe3 Ra8 20.Bf1 h5 21.Rg1 h4 22.Bf2 f5
23.Rd4 Be7 24.Rb4 Kd7 25.Kd2 Ra1 26.Be1 d5 27.Rb3 Bd6 28.h3 f4 29.Bf2 Bc5
30.Ke2 fxe3 31.Bxe3 d4 32.Bf2 Rh5 33.Kd2 Rf5 34.Be2 Rxg1 35.Bxg1 Bxg2 36.Bg4 Rf1
37.Bxd4 Bxd4 38.Rd3 Rf4 39.c3 f5 40.Be2 e5 41.cxd4 exd4 42.b4 Bd5 43.Ra3 Rf2
44.Rd3 Rf4 45.Ra3 Kd6 46.b5 Re4 47.Bf3 Re8 48.Bxd5 Kxd5 49.b6 Kc6 50.Rb3 Kb7
51.Rf3 Kxb6 52.Rxf5 Re3 53.Rf4 Rxh3 54.Rxd4 Kc5  1/2-1/2

[Event "Budapest FS06 GM"]
[Site "Budapest"]
[Date "1994.??.??"]
[Round "9"]
[White "Fogarasi, Tibor"]
[Black "Wells, Peter K"]
[Result "1-0"]
[WhiteElo "2415"]
[BlackElo "2490"]

1.e4 c5 2.Nf3 Nc6 3.d4 cxd4 4.Nxd4 Nf6 5.Nc3 d6 6.Bg5 e6 7.Qd2 a6 8.O-O-O h6
9.Be3 Be7 10.f4 Bd7 11.Kb1 b5 12.Bd3 O-O 13.Rhe1 Qc7 14.h3 Nxd4 15.Bxd4 b4
16.Ne2 e5 17.Be3 Qb7 18.Ng3 Rfc8 19.Rf1 Rc6 20.fxe5 dxe5 21.Nf5 Bxf5 22.Rxf5 Qc7
23.Qf2 Bc5 24.Bxc5 Rxc5 25.Rf1 Qe7 26.g4 Rc6 27.Qf3 Rf8 28.g5 hxg5 29.Rxg5 Nh7
30.Rf5 Ng5 31.Qg3 f6 32.b3 Ne6 33.R5f2 Nd4 34.Rg1 Rfc8 35.Rfg2 R8c7 36.Qe3 Qe6
37.Qh6 Qe7 38.Rxg7+ Qxg7 39.Rxg7+ Rxg7 40.Bc4+ Rxc4 41.bxc4 Rg1+ 42.Kb2 Rg2
43.Qxf6 Rxc2+ 44.Kb1 Rg2 45.Qd8+ Kh7 46.Qe7+ Kg8 47.Qe8+ Kh7 48.Qf7+ Rg7
49.Qh5+ Kg8 50.c5 Kf8 51.Qh6 Kg8 52.Qxa6  1-0

[Event "Budapest FS06 IM-A"]
[Site "Budapest"]
[Date "1994.??.??"]
[Round "10"]
[White "Peredy, Ferenc"]
[Black "Parkanyi, Attila"]
[Result "1-0"]
[WhiteElo "2190"]
[BlackElo "2345"]

1.e4 c5 2.Nf3 d6 3.d4 cxd4 4.Nxd4 Nf6 5.Nc3 Nc6 6.Bg5 Qb6 7.Nb3 e6 8.Be2 a6
9.O-O Bd7 10.Kh1 Qc7 11.f4 Be7 12.Qe1 h6 13.Bh4 Rc8 14.Rd1 b5 15.a3 Qb8 16.Qd2 Rd8
17.Bxf6 gxf6 18.f5 h5 19.Qf4 Ne5 20.Qg3 Kf8 21.Qh4 Kg7 22.Rf2 Rdg8 23.Nc1 Kf8
24.Nd3 Ng4 25.Rf3 exf5 26.exf5 Bc6 27.Rg3 Qb6 28.Bf3 Ne3 29.Rg1 Nxf5 30.Rxg8+ Rxg8
31.Qf4 Bxf3 32.Qxf3 Nh4 33.Qxh5 f5 34.Nd5 Qb7 35.Qh6+ Ke8 36.Re1 Qxd5 37.Nf4 Qd4
38.Qxh4 f6 39.Rxe7+ Kd8 40.Ne6+  1-0

[Event "Budapest FS12 GM"]
[Site "Budapest"]
[Date "1994.??.??"]
[Round "10"]
[White "Anka, Emil"]
[Black "Feher, Gyula"]
[Result "1-0"]
[WhiteElo "2380"]
[BlackElo "2410"]

1.e4 c5 2.Nf3 d6 3.d4 cxd4 4.Nxd4 Nf6 5.Nc3 Nc6 6.Bg5 e6 7.Qd2 Be7 8.O-O-O O-O
9.f4 Nxd4 10.Qxd4 Qa5 11.Bc4 Bd7 12.e5 dxe5 13.fxe5 Bc6 14.Bd2 Nd7 15.Nd5 Qd8
16.Nxe7+ Qxe7 17.Rhe1 Rfd8 18.Qg4 Nf8 19.h4 Qc5 20.Bf1 Qf2 21.Qf4 Qxf4 22.Bxf4 Ng6
23.Bg3 Ne7 24.Rxd8+ Rxd8 25.Rd1 Rxd1+ 26.Kxd1 a6 27.Kd2 Kf8 28.c4 Ke8 29.Kc3 Kd7
30.Bf2 Ng6 31.Kd4 f6 32.exf6 gxf6 33.b4 Kd6 34.b5 axb5 35.cxb5 Bd5 36.a4 e5+
37.Kc3 f5 38.g3 Bf3 39.a5 Ne7 40.a6 bxa6 41.bxa6 Kc6 42.Bc4 Nd5+ 43.Kd2 h5
44.Bd3 f4 45.gxf4 exf4 46.Bd4 Nb4 47.Bc4 Kd6 48.a7 Bb7 49.Bf7 Nc6 50.Bf2 Ne7
51.Bxh5 Nf5 52.Be2 Nxh4 53.Bxh4 Kc7 54.Bf2 Bc6 55.Ba6 Kd6 56.Kc3 Bd5 57.Kb4 Bc6
58.Ka5 Kc7 59.Bd4 f3 60.Be5+  1-0

[Event "Budapest FS08 GM"]
[Site "Budapest"]
[Date "1994.??.??"]
[Round "11"]
[White "Fogarasi, Tibor"]
[Black "Anka, Emil"]
[Result "1/2-1/2"]
[WhiteElo "2445"]
[BlackElo "2380"]

1.e4 c5 2.Nf3 Nc6 3.d4 cxd4 4.Nxd4 Nf6 5.Nc3 d6 6.Bg5 e6 7.Qd2 a6 8.O-O-O Bd7
9.f4 h6 10.Bh4 g5 11.fxg5 Ng4 12.g3 hxg5 13.Bxg5 f6 14.Nxc6 bxc6 15.Qe2 fxg5
16.Qxg4 e5 17.Qe2 Qb6 18.Qc4 g4 19.Kb1 Rb8 20.b3 a5 21.Be2 Qb4 22.Rdf1 Qxc4
23.Bxc4 Rh6 24.Rf2 Be6 25.Bxe6 Rxe6 26.Rhf1 Be7 27.Rf7 Rg6 28.Rh7 Kd7 29.Rff7 Re8
30.Na4 Ke6 31.c4 Bd8 32.c5 Re7 33.Rxe7+ Bxe7 34.cxd6 Bxd6 35.Nb2 Rf6 36.Nc4 Bb4
37.a3 Bc3 38.Rc7 Rf2 39.Rxc6+ Ke7 40.Ne3 Bd4 41.Nf5+ Kd7 42.Rc2 Rf1+ 43.Rc1 Rf3
44.Nxd4 exd4 45.Rd1 Rxb3+ 46.Ka2 Re3 47.Rxd4+ Ke6 48.e5 Kf5 49.Rf4+ Kg5 50.Kb2 Rxe5
51.Kb3 Re2 52.Ra4  1/2-1/2

[Event "Buenos Aires PRENAJ"]
[Site "Buenos Aires"]
[Date "1994.??.??"]
[Round "4"]
[White "Zarnicki, Pablo"]
[Black "Celis, Gustavo"]
[Result "1-0"]
[WhiteElo "2435"]
[BlackElo "2345"]

1.e4 c5 2.Nf3 d6 3.d4 cxd4 4.Nxd4 Nf6 5.Nc3 Nc6 6.Bg5 e6 7.Qd2 Be7 8.O-O-O O-O
9.f4 Nxd4 10.Qxd4 Qa5 11.Bc4 Bd7 12.e5 dxe5 13.fxe5 Bc6 14.Bd2 Nd7 15.Nd5 Qd8
16.Nxe7+ Qxe7 17.Rhe1 Rfd8 18.Qg4 Nf8 19.Bd3 Rxd3 20.cxd3 Qd7 21.Kb1 Qxd3+
22.Ka1 h5 23.Qe2 Qxe2 24.Rxe2 Rd8 25.Rde1 Ng6 26.g3 Rd3 27.Bc3 Rf3 28.Bd4 a6
29.Rf2 Rd3 30.Bc3 Ne7 31.Kb1 Nf5 32.Kc2 Rd8 33.Rd2 Bd5 34.b3 g5 35.Kb2 Kh7
36.Rc1 Kg6 37.Ba5 Re8 38.Bb6 Ne7 39.Bc5 Nc6 40.Bd6 Rd8 41.Rf2 Be4 42.Re1 Bf5
43.Rd2 Ne7 44.Rc1 Nd5 45.Rd4 Ne3 46.Bc5 Nd5 47.a4 Rh8 48.h4 Rg8 49.hxg5 Kxg5
50.Bb4 Kh6 51.Be1 Kg6 52.a5 f6 53.exf6 Kxf6 54.Rdc4 Bd3 55.Rc8 Rxc8 56.Rxc8 b6
57.Rf8+ Ke7 58.Rh8 Be2 59.Kc2 bxa5 60.Bxa5 Kf6 61.Kd2 Kg7 62.Bc3+ Nxc3 63.Ra8 Kf6
64.Kxc3 Kf5 65.Kd4 e5+ 66.Ke3 Bb5 67.b4 Kg4 68.Rg8+ Kf5 69.Rh8 Kg4 70.Ke4 Be2
71.Rg8+ Kh3 72.Kxe5 Bg4 73.Kf4 Be2 74.Rg7 Bc4 75.Rg5 Kg2 76.Ra5 Be2 77.Ra2 Kf2
78.Kg5  1-0

[Event "Buenos Aires PRENAJ"]
[Site "Buenos Aires"]
[Date "1994.??.??"]
[Round "5"]
[White "Sanchez Almeyra, Jorge"]
[Black "Anelli, Antonio"]
[Result "1/2-1/2"]
[WhiteElo "2435"]
[BlackElo "2310"]

1.e4 c5 2.Nf3 d6 3.d4 cxd4 4.Nxd4 Nf6 5.Nc3 Nc6 6.Bg5 Bd7 7.Qd2 Rc8 8.Nb3 h6
9.Bxf6 gxf6 10.f4 f5 11.exf5 Bxf5 12.Bd3 Bxd3 13.Qxd3 Bg7 14.O-O Qb6+ 15.Kh1 Nb4
16.Qd2 Bxc3 17.bxc3 Na6 18.Rae1 Rc7 19.f5 Kd8 20.Qd5 Rf8 21.f6 e6 22.Qd2 Rh8
23.Re5 Nc5 24.Rh5 Ne4 25.Qf4 d5 26.Rxh6 Rg8 27.Rh7 Rxc3 28.Rxf7 Ng3+ 29.hxg3 Rh8+
30.Qh4 Rxh4+ 31.gxh4 Rxc2 32.Rxb7 Qa6 33.Rf4 Qe2 34.Rg7 Qe1+ 35.Kh2  1/2-1/2

[Event "Buenos Aires GP1"]
[Site "Buenos Aires"]
[Date "1994.??.??"]
[Round "7"]
[White "Zarnicki, Pablo"]
[Black "Roman, Facundo"]
[Result "1-0"]
[WhiteElo "2435"]
[BlackElo "2310"]

1.e4 c5 2.Nf3 Nc6 3.d4 cxd4 4.Nxd4 Nf6 5.Nc3 d6 6.Bg5 Bd7 7.Bxf6 gxf6 8.Be2 Qa5
9.O-O Nxd4 10.Qxd4 Rc8 11.Nd5 Qc5 12.Qd2 Qxc2 13.Qe3 Qc5 14.Qf4 Qd4 15.Rac1 Kd8
16.b4 Bc6 17.Rc4 Qb2 18.Bg4 e6 19.Nc3 Be7 20.Rb1 Qc2 21.b5 Bd7 22.Rxc8+ Bxc8
23.Qe3 f5 24.b6 a6 25.Bd1  1-0

[Event "ARG-ch"]
[Site "Buenos Aires"]
[Date "1994.??.??"]
[Round "9"]
[White "Sanchez Almeyra, Jorge"]
[Black "Scarella, Enrique"]
[Result "1-0"]
[WhiteElo "2435"]
[BlackElo "2405"]

1.e4 c5 2.Nf3 d6 3.d4 cxd4 4.Nxd4 Nf6 5.Nc3 Nc6 6.Bg5 Bd7 7.Qd2 Rc8 8.Nb3 a6
9.Bxf6 gxf6 10.f4 e6 11.Be2 h5 12.O-O h4 13.Rad1 Qb6+ 14.Kh1 Kd8 15.a3 Na5
16.Nxa5 Qxa5 17.Qd4 Rh6 18.b4 Qc7 19.Rf3 Qc6 20.Rfd3 h3 21.g3 Rc7 22.Bf3 Kc8
23.Qa7 b5 24.Qe3 Qb7 25.Ne2 Be7 26.Nd4 Qa7 27.f5 Rh8 28.fxe6 fxe6 29.Bg4 e5
30.Bxd7+ Kxd7 31.Nf5 Qxe3 32.Nxe3 a5 33.c3 Rc6 34.Kg1 Bd8 35.Kf1 Bb6 36.Nd5 Ke6
37.Rf3 Bd8 38.Ke2 Rg8 39.Kd3 Rg7 40.Rdf1 Rf7 41.Rf5 Rh7 42.Nxf6 Bxf6 43.Rxf6+ Ke7
44.Rf8 Ra6 45.R1f2 axb4 46.axb4 Rb6 47.Ra8 Rb7 48.Rff8 Ke6 49.Rae8+ Kd7 50.Rh8 Kc6
51.Rxh7 Rxh7 52.Rf8 Kd7 53.c4 Kc6 54.cxb5+ Kxb5 55.Rb8+ Kc6 56.Kc4 Ra7 57.Rc8+ Kb6
58.Kd5 Ra2 59.Kxd6 Rxh2 60.Rb8+ Ka6  1-0

[Event "Buenos Aires PRENAJ"]
[Site "Buenos Aires"]
[Date "1994.??.??"]
[Round "11"]
[White "Fiorito, Fabian"]
[Black "Scarella, Enrique"]
[Result "0-1"]
[WhiteElo "2455"]
[BlackElo "2405"]

1.e4 c5 2.Nf3 d6 3.d4 cxd4 4.Nxd4 Nf6 5.Nc3 Nc6 6.Bg5 Bd7 7.Be2 Nxd4 8.Qxd4 Qa5
9.Bxf6 gxf6 10.O-O Rg8 11.Nd5 Bh3 12.Bf3 O-O-O 13.Kh1 Bg4 14.Bxg4+ Rxg4 15.b4 Qa4
16.Qc3+ Qc6 17.Qf3 Rg6 18.c4 e6 19.Nf4 Rg5 20.b5 Qc7 21.a4 Rc5 22.a5 Rxc4
23.b6 axb6 24.axb6 Qxb6 25.Rfb1 Qc6 26.Nd5 exd5 27.exd5 Qc7 28.Ra8+ Kd7 29.Qf5+ Ke8
30.Re1+ Be7 31.Raa1 Rc8 32.Qxh7 Qd8 33.Qg8+ Kd7 34.Qxf7 Qf8 35.Qe6+ Kd8 36.h3 f5
37.Rab1 Re4 38.Rxe4 fxe4 39.Qxe4 Qxf2 40.Re1 Qf7 41.Qd4 Rc5 42.Rd1 Qf5 43.Qh8+ Kc7
44.Re1 Qg5 45.Qb2 Bf6 46.Qa3 Qf4 47.Qd3 Be5 48.Kg1 Rc3 49.Qh7+ Kb8 50.Qg8+ Rc8
51.Qg6 Rf8  0-1

[Event "ESP-chT"]
[Site "Cala Galdana"]
[Date "1994.??.??"]
[Round "?"]
[White "Magem Badals, Jorge"]
[Black "Durban Piera, Joan"]
[Result "1-0"]
[WhiteElo "2505"]
[BlackElo "2270"]

1.e4 c5 2.Nf3 Nc6 3.d4 cxd4 4.Nxd4 Nf6 5.Nc3 d6 6.Bg5 e6 7.Qd2 Be7 8.O-O-O a6
9.Bxf6 gxf6 10.f4 Nxd4 11.Qxd4 Qa5 12.Bc4 Bd7 13.Bb3 O-O-O 14.f5 Kb8 15.Ne2 Qe5
16.Qd2 Bf8 17.Nd4 h5 18.Kb1 Rg8 19.Rde1 Rg4 20.h3 Rg3 21.Rhf1 Be7 22.fxe6 fxe6
23.Nf5 exf5 24.exf5 Qb5 25.a4 Qc5 26.Rxe7 Bxf5 27.Qf2 Rxb3 28.Qxf5 Rb6 29.Qxc5 dxc5
30.Rf7 Rd2 31.R1xf6 Rb4 32.a5 Rxg2 33.Rb6 Rg1+ 34.Ka2 Ra4+ 35.Kb3 Rxa5 36.Rbxb7+ Kc8
37.Rbc7+ Kd8 38.Rb7 Rb5+ 39.Rxb5 axb5 40.Rf5 Rg3+ 41.c3 b4 42.Rxc5 bxc3 43.Rxc3  1-0

[Event "Calcutta op"]
[Site "Calcutta"]
[Date "1994.??.??"]
[Round "3"]
[White "Tilak, Sharad S"]
[Black "Gufeld, Eduard"]
[Result "0-1"]
[WhiteElo "2360"]
[BlackElo "2475"]

1.e4 c5 2.Nf3 Nc6 3.d4 cxd4 4.Nxd4 Nf6 5.Nc3 d6 6.Bg5 Qb6 7.Bxf6 gxf6 8.Nb3 f5
9.Bd3 fxe4 10.Bxe4 Bg7 11.Nd5 Qd8 12.c3 e6 13.Nf4 d5 14.Bf3 Be5 15.Nh5 Qd6
16.g3 Bd7 17.O-O O-O-O 18.Bg2 Rhg8 19.Nc1 Kb8 20.Ne2 Bc8 21.Qa4 Qc5 22.Nhf4 Bc7
23.Rfd1 Bb6 24.Nd3 Qe7 25.Nef4 Qg5 26.Re1 h5 27.Nh3 Qg4 28.Qxg4 hxg4 29.Nhf4 Rg7
30.Kf1 Rh8 31.h4 gxh3 32.Nxh3 e5 33.Ng1 e4 34.Nf4 Ne7 35.Nge2 Bg4 36.Nd4 Bxd4
37.cxd4 Rgh7 38.Ne2 Nf5 39.Red1 Rh2 40.Rd2 Bf3  0-1

[Event "Cannes op"]
[Site "Cannes"]
[Date "1994.??.??"]
[Round "4"]
[White "Payen, Arnaud"]
[Black "Palac, Mladen"]
[Result "0-1"]
[WhiteElo "2300"]
[BlackElo "2505"]

1.e4 c5 2.Nf3 d6 3.d4 cxd4 4.Nxd4 Nf6 5.Nc3 Nc6 6.Bg5 e6 7.Qd2 a6 8.O-O-O h6
9.Bf4 Bd7 10.Bg3 Be7 11.f3 Nxd4 12.Qxd4 e5 13.Qd3 Rc8 14.Be1 b5 15.Nd5 Nxd5
16.exd5 O-O 17.g4 f5 18.Be2 Be8 19.f4 exf4 20.gxf5 Bd7 21.Bg4 Bf6 22.Bb4 Be5
23.Rhg1 Qf6 24.c3 Bxf5 25.Bxf5 Qxf5 26.Qxf5 Rxf5 27.Rg6 Kf7 28.Re6 Rf6 29.Rxf6+ Kxf6
30.Kd2 Kf5 31.a4 Ke4 32.Ke2 g5 33.h3 h5 34.Rg1 Rg8  0-1

[Event "Cannes op"]
[Site "Cannes"]
[Date "1994.??.??"]
[Round "8"]
[White "Renet, Olivier"]
[Black "Dorfman, Josif D"]
[Result "1/2-1/2"]
[WhiteElo "2485"]
[BlackElo "2570"]

1.e4 c5 2.Nf3 d6 3.d4 cxd4 4.Nxd4 Nf6 5.Nc3 Nc6 6.Bg5 e6 7.Qd2 a6 8.O-O-O h6
9.Be3 Bd7 10.f3 b5 11.Nxc6 Bxc6 12.Ne2 Rc8 13.Nd4 Bb7 14.Kb1 Be7 15.h4 Nd7  1/2-1/2

[Event "Cap d'Agde"]
[Site "Cap d'Agde"]
[Date "1994.??.??"]
[Round "7.1"]
[White "Gelfand, Boris"]
[Black "Karpov, Anatoly"]
[Result "0-1"]
[WhiteElo "2680"]
[BlackElo "2780"]

1.e4 c5 2.Nf3 d6 3.d4 cxd4 4.Nxd4 Nf6 5.Nc3 Nc6 6.Bg5 e6 7.Qd2 a6 8.O-O-O h6
9.Be3 Bd7 10.f4 b5 11.Bd3 Qc7 12.Rhe1 Na5 13.e5 b4 14.Ne4 Nxe4 15.Bxe4 Nc4
16.Qf2 d5 17.Bd3 Nxe3 18.Rxe3 Bc5 19.Rg3 Qb6 20.Be2 g6 21.Kb1 a5 22.Rgd3 a4
23.Qe1 h5 24.Qd2 Rc8 25.Rh3 Ke7 26.Rd3 Kf8 27.g4 hxg4 28.Bxg4 Kg7 29.Qg2 b3
30.c3 bxa2+ 31.Ka1 a3 32.b3 Bxd4 33.cxd4 Rc7 34.Qf2 Rhc8 35.Qe1 Rc2 36.Rh3 Qc7
37.Qe3 Rb2 38.Qe1 Qc2 39.Rhd3 Bb5 40.Re3 Rb1+ 41.Rxb1 axb1=Q+ 42.Qxb1 Qd2  0-1

[Event "Capablanca mem-B"]
[Site "?"]
[Date "1994.??.??"]
[Round "4"]
[White "Van Riemsdijk, Herman C"]
[Black "Gonzalez Garcia, Jose"]
[Result "1-0"]
[WhiteElo "2435"]
[BlackElo "2420"]

1.e4 c5 2.Nf3 d6 3.d4 cxd4 4.Nxd4 Nf6 5.Nc3 Nc6 6.Bg5 a6 7.Qd2 e6 8.O-O-O h6
9.Be3 Bd7 10.f3 Rc8 11.Qf2 Ne5 12.Nb3 Nc4 13.Bxc4 Rxc4 14.Bb6 Qb8 15.Rhe1 Be7
16.Bd4 e5 17.Ba7 Qc8 18.Na5 Rxc3 19.bxc3 Qxc3 20.Nb3 O-O 21.Bb6 Rc8 22.Ba5 Qc4
23.Re3 Ng4 24.fxg4 Bg5 25.Rd2 Bxe3 26.Qxe3 Bxg4 27.Kb2 Bh5 28.Qd3 Bg6 29.Qxd6 f6
30.Qd5+ Kh7 31.Qxc4 Rxc4 32.Bb6 Bxe4 33.c3 Rc6 34.Be3 f5 35.Nc5 Rb6+ 36.Ka3 Bc6
37.Nb3 Rb5 38.c4 f4 39.cxb5 fxe3 40.Re2  1-0

[Event "Cappelle op"]
[Site "Cappelle la Grande"]
[Date "1994.??.??"]
[Round "1"]
[White "Lanka, Zigurds"]
[Black "Peek, Marcel"]
[Result "1-0"]
[WhiteElo "2535"]
[BlackElo "2300"]

1.e4 c5 2.Nf3 d6 3.d4 cxd4 4.Nxd4 Nf6 5.Nc3 Nc6 6.Bg5 e6 7.Qd2 Be7 8.O-O-O Nxd4
9.Qxd4 O-O 10.f4 Qa5 11.Kb1 h6 12.h4 e5 13.Qg1 exf4 14.Bxf4 Be6 15.a3 Rac8
16.Bd3 Rfd8 17.Qe1 Kh8 18.Bg3 Bg4 19.Nd5 Qxe1 20.Rdxe1 Nxd5 21.exd5 Bf8 22.Rhf1 Kg8
23.Re4 h5 24.a4 a6 25.Rb4 Rd7 26.Re1 g6 27.Bf4 Be7 28.g3 Kg7 29.Rbe4 Bf6
30.Re8 Rdd8 31.Rxd8 Rxd8 32.a5 Bf3 33.c4 Bg4 34.Kc2 Rd7 35.Re8 Rd8 36.Rxd8 Bxd8
37.b4 Be7 38.b5 Bc8 39.Kb3 f6 40.b6 g5 41.Be3 gxh4 42.gxh4 f5 43.Bf4 Bxh4
44.Bxd6 Be1 45.c5 h4 46.c6 Bg3 47.Bxg3 hxg3 48.Bf1 Kf6 49.Kb4 Ke7 50.Kc5 Kd8
51.Kd6  1-0

[Event "Cappelle op"]
[Site "Cappelle la Grande"]
[Date "1994.??.??"]
[Round "4"]
[White "Bryson, Douglas M"]
[Black "Godena, Michele"]
[Result "1-0"]
[WhiteElo "2340"]
[BlackElo "2480"]

1.e4 c5 2.Nf3 Nc6 3.d4 cxd4 4.Nxd4 Nf6 5.Nc3 d6 6.Bg5 e6 7.Qd2 a6 8.O-O-O h6
9.Be3 Ng4 10.Nxc6 bxc6 11.Bc5 d5 12.Bxf8 Kxf8 13.f3 Nf6 14.Bc4 Qc7 15.Bb3 Bb7
16.Qe3 Kg8 17.Rd2 Kh7 18.g4 Rad8 19.h4 Rhe8 20.g5 Nh5 21.Rhd1 g6 22.Na4 Bc8
23.Nc5 Qg3 24.Ba4 Qxh4 25.Bxc6 Rf8 26.exd5 exd5 27.Ne4 Be6 28.Bxd5 Bxd5 29.Rxd5 Rxd5
30.Rxd5 hxg5 31.Nxg5+ Kg8 32.Ne4 Rc8 33.Qg1 Qf4+ 34.Nd2 Ng3 35.Kb1 Nf5 36.Rd3 Re8
37.Ne4 Nh4 38.Qc1 Qxc1+ 39.Kxc1 Kg7 40.Nd6 Re6 41.Nc4 g5 42.Kd2 f5 43.Re3 Rc6
44.b3 Kf6 45.Ke2 Ng2 46.Re8 Nf4+ 47.Ke3 Nd5+ 48.Kd2 Ne7 49.Rh8 Ng6 50.Rd8 Re6
51.Rd3 g4 52.fxg4 fxg4 53.Rd4 Kg5 54.Ne3 Ne5 55.Ke2 Rh6 56.Re4 Rh2+ 57.Kf1 Nf3
58.Rxg4+  1-0

[Event "Cappelle op"]
[Site "Cappelle la Grande"]
[Date "1994.??.??"]
[Round "9"]
[White "Fontaine, Robert"]
[Black "Mohandesi, Shahin"]
[Result "0-1"]
[WhiteElo "2150"]
[BlackElo "2305"]

1.e4 c5 2.Nf3 d6 3.d4 cxd4 4.Nxd4 Nf6 5.Nc3 Nc6 6.Bg5 e6 7.Qd2 a6 8.O-O-O Bd7
9.f4 h6 10.Bxf6 Qxf6 11.Nf3 Qd8 12.g4 Qa5 13.Bg2 O-O-O 14.Kb1 g6 15.Rhe1 Bg7
16.Re3 Be8 17.a3 Kb8 18.Rd3 Bf8 19.Qf2 Rc8 20.Nd2 b5 21.Nb3 Qc7 22.Qe3 Be7
23.Ne2 g5 24.Rc3 Qa7 25.Ned4 gxf4 26.Nxc6+ Rxc6 27.Qxf4 Rxc3 28.bxc3 e5 29.Qf5 Qc7
30.Kb2 Bg5 31.Bf1 Bd7 32.Qxf7 Bxg4 33.Qxc7+ Kxc7 34.Re1 Rf8 35.Be2 Be6 36.Rf1 Rxf1
37.Bxf1 Bf4 38.h3 Kd7 39.Nc1 Bxc1+ 40.Kxc1 Ke7 41.Kd2 Kf6 42.h4 d5 43.Ke3 dxe4
44.Be2 Bd5 45.Bg4 Be6 46.Be2 Ke7 47.Bf1 Bd5 48.Bh3 Kd8 49.Bf5 Kc7 50.Bh3 Kc6
51.Bc8 Kb6 52.Bg4 Bb7 53.Be2 Ka5 54.c4 b4 55.axb4+ Kxb4 56.c3+ Kc5 57.Kd2 a5
58.Kc2 Ba6 59.Kb3 e3 60.Bf1 Bxc4+ 61.Bxc4 a4+  0-1

[Event "Mencik mem"]
[Site "Ceske Budejovice"]
[Date "1994.??.??"]
[Round "5"]
[White "Maskova, Jana"]
[Black "Mackova, Eva"]
[Result "1-0"]
[WhiteElo "2220"]
[BlackElo "2165"]

1.e4 c5 2.Nf3 Nc6 3.d4 cxd4 4.Nxd4 Nf6 5.Nc3 d6 6.Bg5 e6 7.Qd2 a6 8.O-O-O Bd7
9.f4 b5 10.Bxf6 gxf6 11.Nxc6 Bxc6 12.Qe1 Qe7 13.Bd3 Bg7 14.Kb1 O-O-O 15.Rf1 Qb7
16.f5 Rhg8 17.Qh4 h6 18.Qh3 e5 19.Be2 Bxe4 20.Nxe4 Qxe4 21.Qc3+ Kd7 22.Rxd6+ Kxd6
23.Rd1+ Qd4 24.Rxd4+ exd4 25.Qxd4+ Ke7 26.Qe4+ Kd6 27.Bf3 Rge8 28.Qc6+ Ke7
29.Qxa6 Kf8 30.a3 Re5 31.Qb6 Rc8 32.Bc6 Kg8 33.Qb7 Rd8 34.Bxb5 Rxf5 35.a4 Rd1+
36.Ka2 Rf2 37.Bc4 f5 38.Qxf7+ Kh7 39.a5  1-0

[Event "FRA-ch"]
[Site "Chambery"]
[Date "1994.??.??"]
[Round "?"]
[White "Santo Roman, Marc"]
[Black "Relange, Eloi"]
[Result "1/2-1/2"]
[WhiteElo "2420"]
[BlackElo "2445"]

1.e4 c5 2.Nf3 d6 3.d4 cxd4 4.Nxd4 Nf6 5.Nc3 Nc6 6.Bg5 e6 7.Qd2 Be7 8.O-O-O Nxd4
9.Qxd4 O-O 10.f4 Qa5 11.Bc4 Bd7 12.e5 dxe5 13.fxe5 Bc6 14.Bd2 Nd7 15.Nd5 Qd8
16.Nxe7+ Qxe7 17.Rhe1 Rfd8 18.Bf1 Nf8 19.Qb4 Qc7 20.Bc3 Ng6 21.Rd6 Ne7 22.Qd4 Rdc8
23.Bd3 Bd5 24.Kb1 b5 25.Qh4 Ng6 26.Qg3 Rab8 27.h4 b4 28.Bd4 Bc4 29.Be4 Bd5
30.Bd3 Bc4 31.Be4 Bd5 32.Bd3  1/2-1/2

[Event "USA-op"]
[Site "Chicago"]
[Date "1994.??.??"]
[Round "5"]
[White "Brooks, Michael A"]
[Black "Gurevich, Dmitry"]
[Result "1-0"]
[WhiteElo "2450"]
[BlackElo "2535"]

1.e4 c5 2.Nf3 d6 3.d4 cxd4 4.Nxd4 Nf6 5.Nc3 Nc6 6.Bg5 e6 7.Qd2 Be7 8.O-O-O O-O
9.f4 h6 10.Bh4 Qb6 11.Bf2 Qc7 12.Kb1 Rd8 13.Bd3 a6 14.h3 e5 15.Nxc6 bxc6
16.fxe5 dxe5 17.Qe2 Rb8 18.Bc4 Qb7 19.Rxd8+ Bxd8 20.b3 Qb4 21.Rd1 Bxh3 22.gxh3 Qxc3
23.Bc5 Qa5 24.Bxf7+ Kh8 25.Bd6 Bc7 26.Bxc7 Qxc7 27.Bg6 a5 28.Qc4 c5 29.a3 a4
30.Qxa4 c4 31.b4 Qb6 32.Bf5 g5 33.c3 Rd8 34.Rxd8+ Qxd8 35.Qc2 Qd6 36.Kc1 Qb6
37.a4 Kg7 38.a5 Qa7 39.Qd2 Qg1+ 40.Kb2 Qa7 41.Qd6 h5 42.Qb6  1-0

[Event "Chicago op"]
[Site "Chicago"]
[Date "1994.??.??"]
[Round "9"]
[White "Abbasi, Nasser M"]
[Black "Karklins, Andrew"]
[Result "1/2-1/2"]
[WhiteElo "2275"]
[BlackElo "2385"]

1.e4 c5 2.Nf3 Nc6 3.d4 cxd4 4.Nxd4 Nf6 5.Nc3 d6 6.Bg5 h6 7.Bxf6 gxf6 8.Nb3 f5
9.Bd3 fxe4 10.Bxe4 Bg7 11.Qf3 Qd7 12.O-O-O Ne5 13.Qe2 Qg4 14.f3 Qg5+ 15.Kb1 Ng6
16.Nd5 Qe5 17.c3 O-O 18.Rhe1 f5 19.Bc2 Qxe2 20.Rxe2 Rf7 21.g4 Kf8 22.Nd4 Bxd4
23.cxd4 Nh4 24.Nc7 Rb8 25.Ne6+ Bxe6 26.Rxe6 Rf6 27.Rxf6+ exf6 28.Rf1 f4 29.Be4 b6
30.Rc1 Re8 31.Rc6 Rd8 32.d5 Rd7 33.Kc2 Kg7 34.Kd3 h5 35.h3 Kh6 36.Rc8 Kg7
37.Kc4 hxg4 38.hxg4 a6 39.Rc6 b5+ 40.Kd4 a5 41.Rb6 b4 42.Ra6 Ng2 43.Rxa5 Ne3
44.Ra6 Nd1 45.Bf5 Re7 46.Rxd6 Re3 47.Re6 Rxf3 48.d6 Rf2 49.Bd3 Nxb2 50.Re7+ Kf8
51.Bb5 Rd2+ 52.Kc5 Nd3+ 53.Bxd3 Rxd3 54.Re4 f3 55.Rxb4 Kf7 56.a4 Ke6 57.Re4+ Kd7
58.Re7+ Kd8 59.Rf7 Ra3 60.Kb4 Rd3 61.Rxf6 Rd4+ 62.Kb5 Rxg4 63.Rxf3 Rd4 64.Rf6 Kd7
65.a5 Rd1 66.Kc5 Rc1+ 67.Kb6 Rb1+ 68.Ka7 Ra1 69.a6 Rb1 70.Rh6 Rb2 71.Rh7+ Kxd6
72.Rb7 Ra2 73.Rb3 Kc6 74.Rc3+ Kb5 75.Rb3+ Kc6 76.Rb1 Ra3 77.Rc1+ Kd7 78.Rc4 Ra1
79.Kb6 Rb1+ 80.Ka5 Ra1+ 81.Kb5 Rb1+ 82.Kc5 Ra1 83.Kb5 Rb1+ 84.Kc5 Ra1 85.Kb6 Rb1+
86.Ka7 Ra1 87.Rh4 Kc7 88.Rh2 Ra3 89.Rc2+ Kd7 90.Kb7 Rb3+ 91.Ka8 Ra3 92.a7 Ra4
93.Rh2 Kc7 94.Rh7+ Kc8 95.Rh8+ Kc7  1/2-1/2

[Event "Clichy"]
[Site "Clichy"]
[Date "1994.??.??"]
[Round "9"]
[White "Grimberg, Gilbert"]
[Black "Typek, Konrad"]
[Result "1/2-1/2"]
[WhiteElo "2310"]
[BlackElo "2410"]

1.e4 c5 2.Nf3 d6 3.d4 cxd4 4.Nxd4 Nf6 5.Nc3 Nc6 6.Bg5 e6 7.Qd2 Be7 8.O-O-O O-O
9.h4 Nxd4 10.Qxd4 Qa5 11.Kb1 h6 12.Bd2 Qc5 13.Qxc5 dxc5 14.Be2 Bd7 15.g4 Bc6
16.Bf3 Rfd8 17.g5 hxg5 18.hxg5 Nh7 19.g6 fxg6 20.Bg4 Nf8 21.f3 Rd7 22.Be3 Rxd1+
23.Nxd1 b6 24.Nf2 Bf6 25.Nh3 Kf7 26.Re1 e5 27.f4 Re8 28.Bf3 exf4 29.Bxf4 Ne6
30.Bc1 Nd4 31.Bg2 Ba8 32.Rf1 Kg8 33.c3 Nc6 34.Nf4 Ne5 35.Nd5 Nd3 36.Nc7 Bxe4
37.Nxe8 Bxg2 38.Rd1 Ne5 39.Bf4 Be4+ 40.Ka1 Bf3 41.Rg1 Kf7 42.Bxe5 Bxe5 43.Rf1 Kxe8
44.Rxf3 Ke7 45.Kb1 g5 46.Kc2 g4 47.Rf1 g5 48.Kd3 Bf4 49.Ke4 Kd6 50.Rh1 g3
51.Rh6+ Kc7 52.Rh7+ Kc6 53.Kf3 a5 54.Rh6+ Kc7 55.Re6 Kb7 56.a4 Kc7 57.Re1 Kc6
58.Ke4 Kd6 59.Rg1 Kc6 60.Rd1 Bd6 61.Rd2 Bf4 62.Re2 Kd6 63.Rg2 Kc6 64.b3 Kd6
65.Rg1 Kc6 66.Rd1 Bd6  1/2-1/2

[Event "Copenhagen op16"]
[Site "Copenhagen"]
[Date "1994.??.??"]
[Round "6"]
[White "Stripunsky, Alexander"]
[Black "Jakobsen, Ole"]
[Result "1/2-1/2"]
[WhiteElo "2510"]
[BlackElo "2375"]

1.e4 c5 2.Nf3 Nc6 3.d4 cxd4 4.Nxd4 Nf6 5.Nc3 d6 6.Bg5 e6 7.Qd2 a6 8.O-O-O Qb6
9.Bxf6 gxf6 10.Nb3 Bd7 11.f4 O-O-O 12.Be2 h5 13.Kb1 Kb8 14.Rhf1 Be7 15.Rf3 h4
16.Bf1 Rh5 17.Rh3 Rdh8 18.Qe1 Na5 19.Be2 R5h6 20.Na4 Bxa4 21.Qxa5 Qxa5 22.Nxa5 Rc8
23.Nb3 Bc6 24.Bf3 Rg8 25.Nd4 Bd7 26.g4 Bd8 27.Be2 Bc7 28.Rb3 Ka7 29.h3 Rhh8
30.Rf3 Rc8 31.Bc4 Bb6 32.Bb3 Rhe8 33.a4 Rc5 34.f5 Re5 35.Rf4 Re7 36.fxe6 fxe6
37.Nf3 Ra5 38.Rxf6 Bxa4 39.Bxe6 Rc5 40.b3 Bc6 41.Bd5 Bxd5 42.Rxd5 Rxd5 43.exd5 Re3
44.Rf4 Ba5 45.g5 Bc3 46.b4 Bxb4 47.Rxb4 Rxf3 48.Rxh4 Rg3 49.Rh5 Kb6 50.h4 Kc5
51.Rh6 Kxd5 52.g6 Ke6 53.h5 Rg5 54.Rh7 Kf6 55.Kb2 b5 56.Rf7+ Ke6 57.Rf8 Ke7
58.Ra8 Kf6 59.Rxa6 Rxh5 60.Rxd6+ Kg7 61.Kb3 Rc5 62.c3 Kh6 63.Rb6 Kg7 64.Kc2 Kh6
65.Kb2 Kg7 66.Kb3 Kh6 67.Rf6 Kg7 68.Rf3 Kxg6 69.Kb4 Rh5 70.Rf8 Kg7 71.Rb8 Kf7
72.Rxb5 Rh4+ 73.c4 Ke6 74.Rd5 Rh8 75.Rd4 Ke5 76.Rd1 Rb8+ 77.Ka5 Rc8 78.Rd5+ Ke6
79.Kb4 Rb8+ 80.Rb5 Rc8  1/2-1/2